|
|
|
|
| LEADER |
00000naa2a2200000 4500 |
| 001 |
391137 |
| 005 |
20231101064043.0 |
| 035 |
|
|
|a (RuTPU)RU\TPU\prd\24936
|
| 090 |
|
|
|a 391137
|
| 100 |
|
|
|a 20040407a2004 k y0rusy50 ca
|
| 101 |
0 |
|
|a rus
|
| 102 |
|
|
|a RU
|
| 200 |
1 |
|
|a Гидрирование диоксида углерода на макромолекулярных родиевых и рутениевых комплексах
|f С. В. Егазарьянц, Э. А. Караханов, С. В. Кардашев и др.
|
| 320 |
|
|
|a Библиогр.: 6 назв.
|
| 461 |
|
1 |
|0 (RuTPU)RU\TPU\prd\1600
|x 0028-2421
|t Нефтехимия
|o научный журнал
|f Российская академия наук (РАН)
|d 1963-
|
| 463 |
|
1 |
|0 (RuTPU)RU\TPU\prd\24187
|t Т. 44, № 1
|v С. 16-26
|d 2004
|
| 610 |
1 |
|
|a гидрирование
|
| 610 |
1 |
|
|a диоксид углерода
|
| 610 |
1 |
|
|a рутениевые катализаторы
|
| 610 |
1 |
|
|a гибридные носители
|
| 610 |
1 |
|
|a родиевые катализаторы
|
| 610 |
1 |
|
|a активность
|
| 610 |
1 |
|
|a исследование
|
| 701 |
|
1 |
|a Егазарьянц
|b С. В.
|
| 701 |
|
1 |
|a Караханов
|b Э. А.
|
| 701 |
|
1 |
|a Кардашев
|b С. В.
|
| 701 |
|
1 |
|a Максимов
|b А. Л.
|
| 701 |
|
1 |
|a Миносьянц
|b С. С.
|
| 801 |
|
1 |
|a RU
|b 63413507
|c 20040407
|g PSBO
|
| 801 |
|
2 |
|a RU
|b 63413507
|c 20150604
|g PSBO
|
| 942 |
|
|
|c BK
|